000 01019nam a2200241 4500
005 20240320124508.0
008 151210b mx ||||| |||| 00| 0 spa d
020 _a9703235816 (colección)
020 _a9786072003347 (obra)
050 0 4 _aPQ7472 .P7
_bO45 2008
100 1 _aOliva, Mario,
245 1 0 _aLos intelectuales y las letras Centroamericanas sobre la Guerra Civil Española
_c/ Mario Oliva Medina
250 _a1a ed.
260 _aMéxico :
_bUniversidad Autónoma de México, Centro de Investigaciones sobre América Latina y el Caribe,
_c2008.
300 _a268 p. ;
_c21 cm.
490 _aColección Literatura y ensayo en América Latina y el Caribe ;
_v6
600 1 _aGarcia Lorca, Federico,
_d[1898-1936]
_xInfluencia
650 7 _2LEMB
_aPoesía
_xHistoria y crítica
_ySiglo XX
_zAmérica Central
650 7 _2LEMB
_aEnsayistas
_xHistoria y crítica
_ySiglo XX
_zAmérica Central
650 _a
651 7 _2LEMB
_aEspaña
_xHistoria
_yGuerra civil, 1936-1939
942 _2lcc
_cLIB
999 _c110560
_d110560